Možnosti využitia komunálnych obligácií v SR

Na minha lista:
Detalhes bibliográficos
Autor principal: Valenčáková, Eva
Outros Autores: Výrost, Tomáš, 1978-
Formato: Capítulo de Livro
Idioma:eslovaco
Tags: Adicionar Tag
Sem tags, seja o primeiro a adicionar uma tag!

MARC

LEADER 00000naa$a2200000$$$4500
001 0144762
005 20240502072609.8
041 0 |a slo 
044 |a SK 
245 1 0 |a Možnosti využitia komunálnych obligácií v SR  |c Eva Valenčáková, Tomáš Výrost 
100 1 |a Valenčáková, Eva 
700 1 |a Výrost, Tomáš, 1978-